| 000 | 01075cam a2200325Ii 4500 | ||
|---|---|---|---|
| 999 |
_c8956 _d8956 |
||
| 001 | 927647 | ||
| 003 | OCoLC | ||
| 005 | 20241126110702.0 | ||
| 008 | 740624s1954 ilu 000 0 eng d | ||
| 020 | _a0802420591 | ||
| 020 | _a9780802420596 | ||
| 035 |
_a(OCoLC)927647 _z(OCoLC)948797047 |
||
| 040 |
_aBSC _beng _cBSC _dOCL _dFYB _dCIRBC _dOCLCQ _dOCLCO _dOCLCF _dRCT _dYDXCP _dFVY _dCIRBC |
||
| 050 | 4 |
_aBS2785.3 _b.L8 |
|
| 082 |
_a227.9107 _bLUC |
||
| 092 | 0 |
_a227.9107 _bE936 |
|
| 092 |
_a227.91 _bL941j |
||
| 100 | 1 |
_aLuck, G. Coleman. _915670 |
|
| 245 | 1 | 0 |
_aJames : _bfaith in action / _cby G. Coleman Luck. |
| 260 |
_aChicago : _bMoody Press, _c℗♭1954. |
||
| 300 |
_a124 pages ; _c19 cm. |
||
| 336 |
_atext _btxt _2rdacontent |
||
| 337 |
_aunmediated _bn _2rdamedia |
||
| 338 |
_avolume _bnc _2rdacarrier |
||
| 490 | 1 | _aEveryman's Bible commentary | |
| 520 | _aEmphasis on living the Christian life through the study of the book of James. | ||
| 630 | 0 | 0 |
_aBible. _pJames _xStudy and teaching. _915671 |
| 830 | 0 |
_aEveryman's Bible commentary. _93064 |
|
| 942 |
_2ddc _cBK _06 |
||